| 000 | 00681cam a22002531 4500 | ||
|---|---|---|---|
| 999 |
_c7648 _d7648 |
||
| 001 | 7648 | ||
| 003 | BD-JhCC | ||
| 005 | 20181006181646.0 | ||
| 008 | 731210s1949 xx 000 0 eng | ||
| 035 | _a(BD-JhCC)7648 | ||
| 035 | _aBD-JhCC | ||
| 040 |
_aDLC _cOClU _dDLC _dBD-JhCC |
||
| 041 | _aeng | ||
| 050 | 0 | 0 |
_aLB1027 _b.M36 |
| 082 |
_a371.422 _bMAT 1949 |
||
| 100 | 1 | _aMathewson, Robert Hendry. | |
| 245 | 1 | 0 |
_aGuidance policy and practice / _cRobert Hendry Mathewson, |
| 260 |
_aNew York, _bHarper _c[1949] |
||
| 300 |
_axiv, 294 p. _bdiagrs. _c22cm. |
||
| 490 | 0 | _aEducation for living series | |
| 650 | 0 | _aEducational counseling. | |
| 942 |
_2ddc _cBK |
||